Kiểm toán chất thải tại các làng nghề tái chế kim loại và đề xuất một số biện pháp giảm thiểu ô nhiễm /
में बचाया:
| मुख्य लेखक: | |
|---|---|
| अन्य लेखक: | , , |
| स्वरूप: | लेख |
| भाषा: | Vietnamese |
| टैग : |
टैग जोड़ें
कोई टैग नहीं, इस रिकॉर्ड को टैग करने वाले पहले व्यक्ति बनें!
|
| Thư viện lưu trữ: | Thư viện Trường Đại học Đà Lạt |
|---|
| LEADER | 00929nam a2200265 4500 | ||
|---|---|---|---|
| 001 | DLU120142539 | ||
| 005 | ##20121016 | ||
| 040 | # | # | |a DLU |b vie |
| 041 | # | # | |a vie |
| 044 | # | # | |a vn |
| 100 | # | # | |a Tưởng Thị Hội. |
| 245 | # | # | |a Kiểm toán chất thải tại các làng nghề tái chế kim loại và đề xuất một số biện pháp giảm thiểu ô nhiễm / |c Tưởng Thị Hội.. [và những người khác]. |
| 700 | # | # | |a Đặng Kim Chi |
| 700 | # | # | |a Tô Lệ Thu. |
| 700 | # | # | |a Tạ Văn Sơn |
| 773 | # | # | |t Tuyển tập các báo cáo Khoa học tại Hội nghị Môi trường toàn quốc 2005 |g 2005, tr. 581-597 |
| 920 | # | # | |a Phòng Tạp chí -- Trung tâm Thông tin - Thư viện Trường Đại học Đà Lạt |
| 994 | # | # | |a DLU |
| 900 | # | # | |a True |
| 911 | # | # | |a Nguyễn Thị Mai Anh |
| 925 | # | # | |a G |
| 926 | # | # | |a A |
| 927 | # | # | |a BB |
| 980 | # | # | |a Thư viện Trường Đại học Đà Lạt |